Land and Liberty (Record no. 118712)

MARC details
000 -LEADER
fixed length control field 00610cas a22002175a 4500
001 - CONTROL NUMBER
control field L103429
008 - FIXED-LENGTH DATA ELEMENTS--GENERAL INFORMATION
fixed length control field 070621c1894 xxkbr p 0 a0eng u
022 1# - INTERNATIONAL STANDARD SERIAL NUMBER
International Standard Serial Number 0023-7574
035 ## - SYSTEM CONTROL NUMBER
System control number (Sirsi) u103429
041 0# - LANGUAGE CODE
Language code of text/sound track or separate title eng
110 2# - MAIN ENTRY--CORPORATE NAME
Corporate name or jurisdiction name as entry element United Committee for the Taxation of Land Values
9 (RLIN) 446
240 ## - UNIFORM TITLE
Uniform title Land and Liberty Communique
245 ## - TITLE STATEMENT
Title Land and Liberty
260 ## - PUBLICATION, DISTRIBUTION, ETC.
Place of publication, distribution, etc. London
Name of publisher, distributor, etc. Land and Liberty Press
Date of publication, distribution, etc. 1894-
362 0# - DATES OF PUBLICATION AND/OR SEQUENTIAL DESIGNATION
Dates of publication and/or sequential designation August 1967-111(1210) Late Summer 2004
554 ## -
-- Four per year
651 #4 - SUBJECT ADDED ENTRY--GEOGRAPHIC NAME
Geographic name United Kingdom
Chronological subdivision
690 ## - LOCAL SUBJECT ADDED ENTRY--TOPICAL TERM (OCLC, RLIN)
Topical term or geographic name as entry element PROPERTY
710 2# - ADDED ENTRY--CORPORATE NAME
Corporate name or jurisdiction name as entry element Henry George Foundation
942 ## - ADDED ENTRY ELEMENTS (KOHA)
Suppress in OPAC 0
Holdings
Withdrawn status Lost status Source of classification or shelving scheme Damaged status Not for loan Home library Current library Shelving location Date acquired Total Checkouts Full call number Barcode Date last seen Price effective from Koha item type
    Dewey Decimal Classification     London London Gallery 21/06/2007   LAND AND LIBERTY 103429-1001 06/08/2019 06/08/2019 Journal